000 00637nam a2200205Ia 4500
001 22505
003 GE_BSU
008 181216s||||||||xx |||||||||||||| ||und||
040 _cGE_BSU
245 _aВода химия и экология 01-03/2018.
245 _bВсероссийский научно-практический журнал
245 _cГл. ред. Кулов Н.Н.
260 _aМосква
260 _c2018
300 _a155стр. 30см. илл.
653 _aВода химия и экология 01-03/2018.
653 _aПериодика
653 _aპერიოდიკა
942 _cCR
999 _c55423
_d55423